• 首页
  • 本馆介绍
  • 公告通知
  • 最新文献
  • 馆藏检索
  • 电子资源
  • 读者导购
  • 参考咨询
  • 我的图书馆
  • 登录
  • 详细信息显示
  • 放入我的书架
  • 预约/预借图书
  • 作者相关作品
  • 分类相关作品
  • 丛书相关作品
  • 出版社相关作品

书目信息

  • 表格格式
  • 工作单格式
  • 卡片格式
题名:
全国人民代表大会常务委员会工作报告
    
 
作者: 杨尚昆 著
分册:  
出版信息: 北京   法律出版社  1982
页数: 12页
开本: 21cm
丛书名:
单 册:
中图分类: D622
科图分类:
主题词:
电子资源:
ISBN:
000 00799nam0 2200241 45
001 0182008778
005 20060909170127.04
010    @dCNY0.08
091    @aCN@b6004.622
100    @a19950629d1982 emky0chiy0121 ea
101 0  @achi
102    @aCN@b110000
105    @ay z 100yy
200 10 @a全国人民代表大会常务委员会工作报告@Aquan guo ren min dai biao da hui chang wu wei yuan hui gong zuo bao gao@e一九八一年十二月在第五届全国人民代表大会第四次会议上@f杨尚昆著
210    @a北京@c法律出版社@d1982
215    @a12页@d21cm
601 12 @a全国人民代表大会常务委员会@x工作报告@z1981
601 12 @a全国人民代表大会,第五届@y中国@x会议资料
690    @aD622@v3
701  0 @a杨尚昆@Ayang shang kun@4著
801  0 @aCN@bTSSF@c20060909
801  2 @aCN@bNLC@c20060817
905    @a10447@dD622@e27
    
    全国人民代表大会常务委员会工作报告:一九八一年十二月在第五届全国人民代表大会第四次会议上/杨尚昆著.-北京:法律出版社,1982
    12页;21cm
    
    
    ISBN :CNY0.08
    
●
相关链接 在E读中查询图书 在五车中查询图书 在当当中查询图书 在豆瓣中查询图书


正题名:全国人民代表大会常务委员会工作报告     索取号:D622/27         预约/预借

序号 登录号 条形码 馆藏地/架位号 状态 备注
1 0465495   204654953   密集书库/ [索取号:D622/27] 在馆    
2 0471819   204718190   密集书库/ [索取号:D622/27] 在馆    
唐山师范学院图书馆 欢迎您!
大连网信软件有限公司© 版权所有